|
|
|
|
| LEADER |
01442nam a2200385 4500 |
| 001 |
on1044748170 |
| 003 |
OCoLC |
| 005 |
20200326101154.0 |
| 006 |
m o d |
| 007 |
cr cnu---unuuu |
| 008 |
180717s2018 mau o 001 0 eng d |
| 040 |
|
|
|a OPELS
|b eng
|e rda
|e pn
|c OPELS
|d N$T
|d OCLCF
|d GrThAP
|
| 020 |
|
|
|a 9780128157916
|q (electronic bk.)
|
| 020 |
|
|
|a 0128157917
|q (electronic bk.)
|
| 020 |
|
|
|a 9780128157909
|q (print)
|
| 035 |
|
|
|a (OCoLC)1044748170
|
| 050 |
|
4 |
|a QD421
|
| 072 |
|
7 |
|a SCI
|x 007000
|2 bisacsh
|
| 082 |
0 |
4 |
|a 572.549
|2 22
|
| 245 |
0 |
4 |
|a The alkaloids.
|n Volume 80 :
|b chemistry and biology /
|c edited by Hans-Joachim Knölker.
|
| 264 |
|
1 |
|a Cambridge, MA :
|b Academic Press is an imprint of Elsevier,
|c 2018.
|
| 300 |
|
|
|a 1 online resource.
|
| 336 |
|
|
|a text
|b txt
|2 rdacontent
|
| 337 |
|
|
|a computer
|b c
|2 rdamedia
|
| 338 |
|
|
|a online resource
|b cr
|2 rdacarrier
|
| 490 |
1 |
|
|a The Alkaloids ;
|v 80
|
| 500 |
|
|
|a Includes indexes.
|
| 588 |
0 |
|
|a Online resource; title from PDF title page (ScienceDirect, viewed July 17, 2018).
|
| 650 |
|
0 |
|a Alkaloids.
|
| 650 |
|
7 |
|a SCIENCE / Life Sciences / Biochemistry.
|2 bisacsh
|
| 650 |
|
7 |
|a Alkaloids.
|2 fast
|0 (OCoLC)fst00805398
|
| 655 |
|
4 |
|a Electronic books.
|
| 700 |
1 |
|
|a Knölker, Hans-Joachim,
|e editor.
|
| 830 |
|
0 |
|a Alkaloids (San Diego, Calif.) ;
|v vol. 80.
|
| 856 |
4 |
0 |
|3 ScienceDirect
|u https://www.sciencedirect.com/science/bookseries/10994831/80
|z Full Text via HEAL-Link
|